| Поле | Инд. | ПП | Название | Значение |
|---|---|---|---|---|
| Тип записи | a | |||
| Библиографический уровень | z | |||
| 001 | Контрольный номер | RU/IS/BASE/462629427 | ||
| 005 | Дата корректировки | 20260205172116.7 | ||
| 020 | a | ISBN | 978-5-16-002154-6 | |
| 041 | 0_ | a | Код языка текста | rus |
| 084 | a | Индекс другой классификации/Индекс ББК | 60.55-42я73; 60.823.3я73 | |
| 100 | 1_ | a | Автор | Карташова Л. В. |
| q | Полное имя | Карташова Лариса Васильевна | ||
| 100 | 1_ | a | Автор | Никонова Т. В. |
| q | Полное имя | Никонова Татьяна Васильевна | ||
| 100 | 1_ | a | Автор | Соломанидина Т. О. |
| q | Полное имя | Соломанидина Татьяна Оттовна | ||
| 245 | 10 | a | Заглавие | Организационное поведение |
| b | Продолж. заглавия | учебное пособие | ||
| c | Ответственность | научный редактор В. И. Видяпин | ||
| 260 | a | Место издания | Москва | |
| b | Издательство | Инфра-М | ||
| c | Дата издания | 2022 | ||
| 300 | a | Объем | 157 с. | |
| 336 | a | Термин вида содержания | Текст | |
| 337 | a | Термин типа средства | электронный | |
| 440 | _0 | a | Серия | Учебники для программы MBA |
| 521 | 0_ | a | Примеч. о целев. назн. | студенты; аспиранты; преподаватели |
| 650 | 04 | a | Основная рубрика | организационное поведение |
| a | Основная рубрика | социология | ||
| a | Основная рубрика | социология организаций | ||
| 653 | 0_ | a | Ключевые слова | биографические характеристики |
| a | Ключевые слова | власть | ||
| a | Ключевые слова | группы | ||
| a | Ключевые слова | имидж фирмы | ||
| a | Ключевые слова | конфликты | ||
| a | Ключевые слова | лидерство | ||
| a | Ключевые слова | личность | ||
| a | Ключевые слова | менеджеры | ||
| a | Ключевые слова | мотивация | ||
| a | Ключевые слова | научение | ||
| a | Ключевые слова | организации | ||
| a | Ключевые слова | организационная культура | ||
| a | Ключевые слова | переговоры | ||
| a | Ключевые слова | поведение | ||
| a | Ключевые слова | психологические потребности | ||
| a | Ключевые слова | психология | ||
| a | Ключевые слова | психология коллектива | ||
| a | Ключевые слова | психология управления | ||
| a | Ключевые слова | расположения | ||
| a | Ключевые слова | саморегуляция | ||
| a | Ключевые слова | социальная психология | ||
| a | Ключевые слова | способности | ||
| a | Ключевые слова | стресс | ||
| a | Ключевые слова | теория личности | ||
| a | Ключевые слова | теория мотивации | ||
| a | Ключевые слова | теория характерных черт | ||
| a | Ключевые слова | типология личности | ||
| a | Ключевые слова | типы организаций | ||
| a | Ключевые слова | удовлетворенность работой | ||
| a | Ключевые слова | управление | ||
| a | Ключевые слова | управление персоналом | ||
| a | Ключевые слова | управление стрессом | ||
| a | Ключевые слова | физиологические потребности | ||
| a | Ключевые слова | фирма | ||
| a | Ключевые слова | фрустрация | ||
| a | Ключевые слова | ценности | ||
| a | Ключевые слова | экономика | ||
| 655 | a | Жанр/ форма (устаревшее) | учебное пособие | |
| 700 | 12 | a | Автор | Видяпин В. И. |
| e | Роль лиц | редактор | ||
| 700 | 12 | a | Автор | Баринов В. А. |
| e | Роль лиц | редактор | ||
| 700 | 12 | a | Автор | Белянский В. П. |
| e | Роль лиц | редактор | ||
| 700 | 1_ | a | Автор | Иоффе М. Я. |
| e | Роль лиц | редактор | ||
| 787 | 18 | w | Контрольный номер связываемой записи | RU/IS/BASE/227194702 |
| w | Контрольный номер связываемой записи | RU/IS/BASE/462629043 | ||
| 856 | 40 | a | Имя сервера/домена | ЭБС ZNANIUM |
| d | Путь | http://znanium.ru/ | ||
| i | Указания/сценарий входа | Доступ по логину и паролю | ||
| u | URL | https://znanium.ru/catalog/product/1746852 | ||
| v | Время доступа к ресурсу | 31.12.2025 | ||
| y | Справочный текст | Электронная версия | ||
| 900 | x | Справочная информация | Полный текст | |
| 901 | t | Тип документа | 0 | |
| 952 | a | Тип литературы для КСУ ВШ | УИ | |
| 954 | a | Гриф | 1.1.5 |